000 00247nam a2200097Ia 4500
001 639963
005 20250826153438.0
008 250824s9999 xx 000 0 und d
245 0 _aARTEMİS FOWL 1/E COLFER/ARTEMİS
_cEOİN COLFER
260 _bARTEMİS
999 _c639963
_d639963